| 000 | 00741nam a2200229Ia 4500 | ||
|---|---|---|---|
| 003 | GCL | ||
| 008 | 140319s9999 xx 000 0 ara d | ||
| 040 |
_aGCL / _cGCL |
||
| 082 | 0 | 4 |
_a342.03 _bم د |
| 100 | 1 | _aمحمد حسن الوزانى | |
| 245 | 1 | 0 |
_aدراسات وتأملات فى الدستور والبرلمان / _cمحمد حسن الوزانى |
| 260 |
_a[S.N] : _bمؤسسة محمد حسن الوزانى ، _c1986 |
||
| 300 | _a188 ص | ||
| 490 | _a | ||
| 650 | 0 | 4 | _aالمغرب |
| 650 | 0 | 4 | _aالديمقراطية |
| 650 | 0 | 4 | _aالدستور |
| 650 | 0 | 4 | _aالسلطة التشريعية |
| 650 | 0 | 4 | _aالهيئات التشريعية |
| 650 | 0 | 4 | _aالممارسة البرلمانية |
| 942 |
_2ddc _cBK |
||
| 999 |
_c35354 _d35354 |
||